| 000 | 01924nam a2200337 a 4500 | ||
|---|---|---|---|
| 003 | DO-SdBNP | ||
| 005 | 20210811100413.0 | ||
| 008 | 150112s2014 dr 000 0 spa d | ||
| 020 | _a9789945412970 | ||
| 040 |
_aDO-SdBNP _bspa _cBPMSU |
||
| 082 |
_a070.44 _bP925t 2014 _222 |
||
| 111 | 2 |
_aPremios FUNGLODE _d(2013 : _cSanto Domingo) |
|
| 245 | 1 | 0 |
_aTransporte público : _by otros temas periodísticos / _cMariela Mejía, Tania Molina, Leisy Torres, Felivia Mejía, Mercedes González, Nicanor Leyba. |
| 260 |
_aSanto Domingo : _bFUNGLODE, _c2014. |
||
| 300 |
_a120 p. ; _c23 cm. |
||
| 490 | 0 | _aPremios Funglode de Periodísmo Rafael Herrera 2013 | |
| 505 | 0 |
_gPrimer lugar : _tTransporte público / _rMariela Mejía y Tania Molina -- _gSegundo lugar : _tMafia del tráfico y la trata humana / _rLeisy Torres -- _gTercer lugar : _tMadres enfrentan violencia y escollos judiciales al exigir manutención / _rFelivia Mejía _gMención : _tNiños pedigüeños no tienen dolientes / _rMercedes González -- _gMención : _tEl béisbol, la lotería de muchas familias dominicanas / _rNicanor Leyba -- _gMención : _tEscuelas inclusivas. Realidad a medias en RD / _rTania Molina -- |
|
| 586 | _aPremio FUNGLODE de periodismo Rafael Herrera | ||
| 650 | 4 |
_aPeriodísmo _zRepública Dominicana _vConcursos _b |
|
| 650 | 4 |
_aPremios de periodismo _zRepública Dominicana |
|
| 700 | 1 | _aMejía, Mariela | |
| 700 | 1 | _aMolina, Tania | |
| 700 | 1 |
_aTorres, Leisy _tMafia del tráfico y la trata humana |
|
| 700 | 1 |
_aMejía, Felivia _tMadres enfrentan violencia y escollos judiciales al exigir manutención |
|
| 700 | 1 |
_aGonzález, Mercedes _tNiños pedigüeños no tienen dolientes |
|
| 700 | 1 |
_aLeyba, Nicanor _tEl béisbol, la lotería de muchas familias dominicanas |
|
| 710 | 2 | _aFundación Global Democracía y Desarrollo (República Dominicana) | |
| 830 | 0 | _aPremios Funglode/GFDD 2013 | |
| 910 | _aVMateo V. | ||
| 942 |
_2ddc _cBK |
||
| 999 |
_c13647 _d13647 |
||